| 000 | 02035cam a2200313 a 4500 | ||
|---|---|---|---|
| 001 | 15259559 | ||
| 005 | 20090831130737.0 | ||
| 008 | 080414s2008 enk |rb 001 0 eng | ||
| 010 | _a 2008016742 | ||
| 015 |
_aGBA847468 _2bnb |
||
| 016 | 7 |
_a014566328 _2Uk |
|
| 020 | _a9780199264940 (pbk.) | ||
| 035 | _a(OCoLC)ocn214305961 | ||
| 035 | _a(OCoLC)214305961 | ||
| 040 |
_aDLC _cDLC _dUKM _dBAKER _dBTCTA _dYDXCP _dBWKUK _dBWK _dDLC |
||
| 050 | 0 | 0 |
_aBD161 _b.E627 2008 |
| 082 | 0 | 0 |
_a121 _222 _bEPI |
| 245 | 0 | 0 |
_aEpistemology : _bNew Essays / _cedited by Quentin Smith. |
| 260 |
_aOxford : _a Oxford University Press, 2008 _c2008. |
||
| 300 |
_avi, 330 p. ; _c24 cm. |
||
| 504 | _aIncludes bibliographical references and index. | ||
| 505 | 0 | _aIntroduction / Quentin Smith -- Knowledge needs no justification / Hilary Kornblith -- Useful false beliefs / Peter D. Klein -- Immediate justification and process reliabilism / Alvin I. Goldman -- Evidence / Earl Conee and Richard Feldman -- Experiential justification / Anthony Brueckner -- Skepticism and perceptual knowledge / Ernest Sosa -- Knowledge-closure and skepticism / Marian David and Ted A. Warfield -- Intuition and modal error / George Bealer -- Rational disagreement as a challenge to practical ethics and moral theory : an essay in moral epistemology / Robert Audi -- Irrationality and cognition / John L. Pollock -- Why epistemology cannot be operationalized / Timothy Williamson -- Epistemology dehumanized / Panayot Butchvarov. | |
| 650 | 0 |
_aKnowledge, Theory of. _911059 |
|
| 700 | 1 |
_aSmith, Quentin, _d1952- _911060 |
|
| 856 | 4 | 1 |
_3Table of contents only _uhttp://www.loc.gov/catdir/toc/ecip0816/2008016742.html |
| 942 |
_2ddc _cBB |
||
| 999 |
_c13304 _d13304 |
||